000 00708nam a2200229Ia 4500
005 20250108125101.0
008 008 250107s9999 xx 000 0 hin d
020 _a978-93-5521-822-3
037 _aTB
040 _aCRL
_bhin
_cCRL
041 _ahin
_2hin
084 _aZ2:91 R1
084 _qCRL
100 _aपाण्डेय, भवतोष, ले.
245 0 _aअपने पैरों पर ।
_cपाण्डेय, भवतोष, ले.
260 _c3251
300 _a145पृ0
365 _aINR
_b699
650 _aहिन्दी कहानीहिन्दी साहित्य
_9729733
942 _cTB
_hZ2:91 R1
999 _c1235639
_d1235639